00573 2200217 4500001002100000005001500021008004100036020002200077035001900099041000700118082001200125090001800137100001700155245004800172250001200220260003300232300002800265990001900293990001900312990002400331INLIS00000000001806820241224115431241224||||||||| | ||| |||| || |  a978-979-3535-72-2 0010-1224018068 aid0 a597.803 a597.803 ENS e0 aTim Penerbit00aEnsiklopedia Biologi Dunia Hewan 5 : Amfibi ajilid 5 aJakartabLentera Abadic2010 a457 hlm. : ill. : 31 cm a05.17.01.06.10 a05.17.01.01.04 a05.17.01.06.09 001